000 00762nam a22002537a 4500
003 CHAP
005 20220329133503.0
008 971013s r 00010 d
010 _a6959
011 _a7931
035 _a7156
040 _cCHAP
090 _aR-3423
100 0 0 _aGummert, M.
_951459
245 _aPerformance evalvation of an IRRI axial-flow paddy thresher
500 _aSobretiro de : Agricultural Mechanization in Asia, Africa and Latin America 23(3) : 47-58, 1992
590 _aBATCH-UPD
_b10
_c20130110
_lUCH01
_h2121
590 _aCONVERSION
_b10
_c20130109
_lUCH01
_h1305
650 1 4 _aArroz
_xProcesado.
_97646
650 1 4 _aTrilladoras.
_9115147
901 _aBK
942 _cREIMP
949 _aR-3423
_bBC
_cR
_d-16970
_eTS1
_i7156
_mD
_si
999 _c6959
_d6959